000 00484nam a2200145 i 4500
001 56554
003 ES-MaACL
005 20230906163411.0
007 t|
008 031010s1972 sp ||||1| spa d
245 0 0 _aDidáctica de la educación social, cívica y política
_b: para escuelas de magisterio : segundo curso : alumnos.
260 _a[Madrid] :
_bDelegación Nacional de la Sección Femenina,
_c[1972]
300 _a210 p. ;
_c23 cm.
852 _aES-MaACL
_jC-43696
_bR.82750
999 _c56554
_d56554